[Event "Bad Pyrmont Pape op-A 2nd"]
[Site "Bad Pyrmont"]
[Date "2023.08.12"]
[Round "5"]
[White "Schulz, Daniel"]
[Black "Reins, Henning"]
[Result "1-0"]
[WhiteElo "2101"]
[BlackElo "1942"]
[PlyCount "75"]
[EventDate "2023.08.10"]
[EventType "swiss"]
[EventRounds "7"]
[EventCountry "GER"]
[SourceTitle "EXT 2024"]
[Source "ChessBase"]
[SourceDate "2023.10.10"]
[SourceVersion "1"]
[SourceVersionDate "2023.10.10"]
[SourceQuality "1"]

1. d4 Nf6 2. c4 e5 3. dxe5 Ne4 4. Nf3 Nc6 5. a3 a5 6. Qd5 Nc5 7. Bg5 f6 8. exf6 gxf6 9. Bh4 Qe7 10. Nc3 h5 11. e3 d6 12. Be2 Be6 13. Qd1 Rg8 14. Nd5 Bxd5 15. Qxd5 Qh7 16. Bxf6 Ne7 17. Bxe7 Bxe7 18. 0-0 c6 19. Qd1 Qg7 20. Ne1 Qxb2 21. Bxh5+ Kd7 22. Bg4+ Kc7 23. Bf3 Raf8 24. Qd4 Qb3 25. Rd1 Qxa3 26. Kh1 Ne6 27. Qa1 Qc5 28. Nd3 Qg5 29. Rg1 Rh8 30. h3 Rfg8 31. c5 Nxc5 32. Qxa5+ b6 33. Qa7+ Nb7 34. Rc1 d5 35. Qa4 Qf6 36. Bxd5 Bc5 37. Bxg8 Rh4 38. Qd1 1-0

[Event "Niedersachsen-ch"]
[Site "Verden an der Aller"]
[Date "2020.01.02"]
[Round "1"]
[White "Schulz, Daniel"]
[Black "Schulze, Torben"]
[Result "0-1"]
[WhiteElo "2130"]
[BlackElo "2266"]
[PlyCount "70"]
[EventDate "2020.01.02"]
[EventType "swiss"]
[EventRounds "7"]
[EventCountry "GER"]
[SourceTitle "EXT 2021"]
[Source "ChessBase"]
[SourceDate "2020.10.23"]
[SourceVersion "1"]
[SourceVersionDate "2020.10.23"]
[SourceQuality "1"]

1. Nf3 d6 2. d4 Bg4 3. c4 c6 4. g3 Bxf3 5. exf3 d5 6. Nc3 e6 7. Bf4 dxc4 8. Bxc4 Nf6 9. Qb3 b5 10. Be2 Nd5 11. Bd2 Nd7 12. a4 a6 13. Nxd5 exd5 14. Qe3+ Be7 15. Bb4 Nb6 16. b3 bxa4 17. bxa4 a5 18. Bc5 Nc8 19. 0-0 0-0 20. Rfc1 Rb8 21. Bxe7 Nxe7 22. Rab1 Qd6 23. Qc3 Rb4 24. Rxb4 axb4 25. Qb3 Nf5 26. Rd1 Ra8 27. Bf1 g6 28. Kg2 Qb8 29. Rd2 Qb6 30. Rb2 Qxd4 31. Qxb4 Rxa4 32. Qb8+ Kg7 33. Rb7 Ra2 34. Rxf7+ Kxf7 35. Qc7+ Ne7 0-1

[Event "Hannover Bezirks-ch A"]
[Site "Lehrte"]
[Date "2019.10.05"]
[Round "6.2"]
[White "Schulz, Daniel"]
[Black "Hartogh, Christian"]
[Result "1/2-1/2"]
[WhiteElo "2066"]
[BlackElo "2083"]
[PlyCount "105"]
[EventDate "2019.10.03"]
[EventType "swiss"]
[EventRounds "7"]
[EventCountry "GER"]
[SourceTitle "EXT 2023"]
[Source "ChessBase"]
[SourceDate "2022.10.05"]
[SourceVersion "1"]
[SourceVersionDate "2022.10.05"]
[SourceQuality "1"]

1. Nf3 c5 2. c4 Nf6 3. g3 g6 4. Bg2 Bg7 5. 0-0 0-0 6. d4 cxd4 7. Nxd4 d6 8. b3 a6 9. Bb2 Qb6 10. Nc3 Nc6 11. e3 Bg4 12. Qd2 Rac8 13. h3 Bd7 14. Rfd1 Rfd8 15. Rac1 Qa7 16. Nde2 Qb8 17. Nf4 b5 18. Ncd5 Nxd5 19. Nxd5 bxc4 20. Bxg7 Kxg7 21. Rxc4 Re8 22. Qb2+ f6 23. Rdc1 Ne5 24. Rxc8 Bxc8 25. Qc3 Bb7 26. Qa5 Bxd5 27. Qxd5 Rc8 28. Rxc8 Qxc8 29. Qb7 Qxb7 30. Bxb7 a5 31. Be4 f5 32. Bc2 Kf6 33. Kf1 Nc6 34. Ke2 e5 35. a3 d5 36. Kd3 Ke6 37. Kc3 Kd6 38. b4 axb4+ 39. axb4 Ne7 40. Ba4 h6 41. h4 g5 42. hxg5 hxg5 43. Bc2 f4 44. gxf4 gxf4 45. exf4 exf4 46. Bd3 Nc6 47. Bf1 Ne5 48. Bh3 Kc6 49. Bf5 Kd6 50. Bh3 Kc6 51. Be6 Kd6 52. Bf5 Kc6 53. Be6 1/2-1/2

[Event "Langenhagen Summer op 1st"]
[Site "Langenhagen"]
[Date "2019.07.06"]
[Round "5"]
[White "Schulz, Daniel"]
[Black "Eilert, Marius"]
[Result "1-0"]
[WhiteElo "2071"]
[BlackElo "2039"]
[PlyCount "57"]
[EventDate "2019.07.04"]
[EventType "swiss"]
[EventRounds "7"]
[EventCountry "GER"]
[SourceTitle "EXT 2020"]
[Source "ChessBase"]
[SourceDate "2019.10.17"]
[SourceVersion "1"]
[SourceVersionDate "2019.10.17"]
[SourceQuality "1"]

1. d4 Nf6 2. c4 c5 3. d5 e6 4. Nc3 exd5 5. cxd5 d6 6. Nf3 g6 7. g3 Bg7 8. Bg2 0-0 9. 0-0 Re8 10. Bf4 a6 11. a4 Ne4 12. Nxe4 Rxe4 13. Nd2 Rxf4 14. gxf4 Bxb2 15. Rb1 Bg7 16. Nc4 a5 17. Rb5 Bc3 18. Qc2 Bb4 19. e4 Ra6 20. e5 dxe5 21. fxe5 Bf5 22. Be4 Qh4 23. Bxf5 gxf5 24. Kh1 Rg6 25. Rxb7 Qd8 26. Nd6 Nd7 27. Qxf5 Nxe5 28. Qxe5 Qxd6 29. Rb8+ 1-0

[Event "Oberliga Nord W 1819"]
[Site "Germany"]
[Date "2019.04.07"]
[Round "9.2"]
[White "Ten Vergert, Paul"]
[Black "Schulz, Daniel"]
[Result "1-0"]
[WhiteElo "2212"]
[BlackElo "2111"]
[PlyCount "71"]
[EventDate "2018.10.21"]
[EventType "team-tourn"]
[EventRounds "9"]
[EventCountry "GER"]
[SourceTitle "EXT 2020"]
[Source "ChessBase"]
[SourceDate "2019.10.17"]
[SourceVersion "1"]
[SourceVersionDate "2019.10.17"]
[SourceQuality "1"]
[WhiteTeam "Nordhorn Blanke"]
[BlackTeam "Hannover"]
[WhiteTeamCountry "GER"]
[BlackTeamCountry "GER"]

1. e4 e6 2. d4 d5 3. Nc3 Nf6 4. Bg5 Bb4 5. e5 h6 6. Bc1 Ne4 7. Qg4 Kf8 8. Nge2 c5 9. a3 Ba5 10. b4 Nxc3 11. bxa5 cxd4 12. Nxc3 dxc3 13. Qb4+ Kg8 14. Qxc3 Nc6 15. Bd2 Qc7 16. f4 d4 17. Qc5 b6 18. Qd6 Qxd6 19. exd6 Bd7 20. Bd3 g6 21. axb6 axb6 22. Kf2 Kg7 23. Rhb1 Rhb8 24. Rb3 Na5 25. Rb4 Nc6 26. Rb2 Ra7 27. Rab1 Rxa3 28. Rxb6 Raa8 29. Be4 Rxb6 30. Rxb6 Rc8 31. Rb7 Rd8 32. c4 Kf6 33. c5 Be8 34. Rc7 Nb8 35. Ba5 Na6 36. Ra7 1-0

[Event "Mecklenburg VP-ch U18"]
[Site "Malchow"]
[Date "2019.02.05"]
[Round "5.2"]
[White "Schulz, Daniel"]
[Black "Schumacher, Ole"]
[Result "1-0"]
[WhiteElo "1819"]
[BlackElo "1711"]
[PlyCount "91"]
[EventDate "2019.02.02"]
[EventType "swiss"]
[EventRounds "7"]
[EventCountry "GER"]
[SourceTitle "EXT 2022"]
[Source "ChessBase"]
[SourceDate "2021.10.06"]
[SourceVersion "1"]
[SourceVersionDate "2021.10.06"]
[SourceQuality "1"]

1. e4 c5 2. c3 d6 3. d4 Nf6 4. Bd3 g6 5. Nf3 Bg7 6. 0-0 0-0 7. Re1 Qc7 8. h3 Rd8 9. Be3 e5 10. d5 b5 11. Nbd2 c4 12. Bf1 a6 13. a4 Bb7 14. Qc2 Nbd7 15. Ra2 Nc5 16. a5 Nfd7 17. Rc1 Rf8 18. b4 cxb3 19. Nxb3 f5 20. Ng5 Bc8 21. exf5 gxf5 22. Bd3 e4 23. Be2 h6 24. Ne6 Nxe6 25. dxe6 Nc5 26. Nd4 Nxe6 27. Nxf5 Bb7 28. Nxh6+ Kh7 29. Ng4 Rac8 30. c4 bxc4 31. Qxc4 Qd7 32. Qb3 d5 33. Rb1 Rb8 34. Ba7 Nd4 35. Qb6 Rbc8 36. Qxb7 Rc7 37. Qxa6 Rxa7 38. Qb6 Nc6 39. Bb5 Rc8 40. Rc1 Bd4 41. Nf6+ Bxf6 42. Rxc6 Rxc6 43. Bxc6 Qg7 44. Bxd5 Bd4 45. Bxe4+ Kg8 46. Qb8+ 1-0

[Event "Oberliga Nord W 1819"]
[Site "Germany"]
[Date "2019.01.20"]
[Round "5.4"]
[White "Schulz, Daniel"]
[Black "Renner, Kai"]
[Result "0-1"]
[WhiteElo "2111"]
[BlackElo "2159"]
[PlyCount "172"]
[EventDate "2018.10.21"]
[EventType "team-tourn"]
[EventRounds "9"]
[EventCountry "GER"]
[SourceTitle "EXT 2020"]
[Source "ChessBase"]
[SourceDate "2019.10.17"]
[SourceVersion "1"]
[SourceVersionDate "2019.10.17"]
[SourceQuality "1"]
[WhiteTeam "Hannover"]
[BlackTeam "Hameln"]
[WhiteTeamCountry "GER"]
[BlackTeamCountry "GER"]

1. d4 f5 2. g3 Nf6 3. Bg2 g6 4. Nf3 Bg7 5. 0-0 0-0 6. b3 d6 7. Bb2 Ne4 8. c4 Nc6 9. Nbd2 Nxd2 10. Qxd2 e5 11. d5 Nb8 12. Ng5 Qe7 13. Rfd1 h6 14. Ne6 Bxe6 15. dxe6 e4 16. Bxg7 Kxg7 17. Qd4+ Rf6 18. f3 Nc6 19. Qc3 exf3 20. exf3 Kh7 21. Re1 Re8 22. f4 Rxe6 23. Kf1 Rxe1+ 24. Rxe1 Qxe1+ 25. Qxe1 Rxe1+ 26. Kxe1 Nd8 27. Kd2 Kg7 28. Ke3 Kf6 29. Bf3 c5 30. Bd5 b6 31. Bf3 Ne6 32. Kd2 g5 33. Ke3 gxf4+ 34. gxf4 Nc7 35. Bb7 Ne6 36. Bf3 Nf8 37. Bd5 Ng6 38. Bf3 Ne7 39. Bb7 Ke6 40. Kf3 d5 41. cxd5+ Nxd5 42. a3 Nc3 43. a4 Na2 44. Bc8+ Kf6 45. Ba6 Nb4 46. Bc4 Nc6 47. Ke3 Ne7 48. Kf3 Nc8 49. Bd5 Nd6 50. Ke3 Ke7 51. Kf3 Ne8 52. Bc4 Nc7 53. Ke3 Ne6 54. Bd3 Kf6 55. Bc4 Nc7 56. Kf3 a6 57. Bd3 b5 58. axb5 axb5 59. Ke3 Ke6 60. Kf3 b4 61. Bc4+ Kf6 62. Ke3 Ne8 63. Be2 Nd6 64. Kd3 Ke6 65. Bf3 Kd7 66. Bd5 Kc7 67. Bf3 Kb6 68. Bd5 Kb5 69. Be6 Kc6 70. Bg8 Nb5 71. Ke3 Kd6 72. Bc4 Nd4 73. Kf2 Ke7 74. Ke3 Kf6 75. Kf2 Kg6 76. Kg3 Nc2 77. Bd3 Nd4 78. Bc4 Nc6 79. Bd5 Ne7 80. Bc4 Nc8 81. Be2 Nd6 82. Kf2 c4 83. bxc4 b3 84. Bd3 b2 85. Ke3 Nxc4+ 86. Kd4 Na3 0-1

[Event "Mecklenburg VP LL2 Ost 1819"]
[Site "Mecklenburg VP"]
[Date "2019.01.20"]
[Round "5.1"]
[White "Schulz, Daniel"]
[Black "Schamber, Dennis"]
[Result "1/2-1/2"]
[WhiteElo "1910"]
[BlackElo "1770"]
[PlyCount "75"]
[EventDate "2018.10.21"]
[EventType "team-tourn"]
[EventRounds "9"]
[EventCountry "GER"]
[SourceTitle "EXT 2022"]
[Source "ChessBase"]
[SourceDate "2021.10.06"]
[SourceVersion "1"]
[SourceVersionDate "2021.10.06"]
[SourceQuality "1"]
[WhiteTeam "Neubrandenburg SG Eintracht"]
[BlackTeam "Rostock Makkabi"]
[WhiteTeamCountry "GER"]
[BlackTeamCountry "GER"]

1. e4 c5 2. c3 d5 3. exd5 Qxd5 4. d4 e6 5. Nf3 Nf6 6. Be2 Nc6 7. 0-0 Be7 8. Be3 b6 9. dxc5 Bxc5 10. Qxd5 exd5 11. Bb5 Bd7 12. Bxc5 bxc5 13. Re1+ Ne7 14. Bxd7+ Nxd7 15. Nbd2 Rb8 16. Re2 Kf8 17. Nb3 f6 18. Rae1 Ng6 19. Re6 c4 20. Nbd4 Kf7 21. Nf5 Nde5 22. Ra6 Nxf3+ 23. gxf3 Ne5 24. Rxa7+ Kg6 25. Nd4 Rxb2 26. f4 Nd3 27. f5+ Kh6 28. Re3 Nf4 29. h3 Rg8 30. Ne6 Nd3 31. Rg3 Nxf2 32. a4 Kh5 33. Kf1 Ne4 34. Rg4 Nf2 35. Rgxg7 Rxg7 36. Rxg7 Nxh3 37. Rxh7+ Kg4 38. Nd4 1/2-1/2

[Event "Bremen Silvester op"]
[Site "Bremen"]
[Date "2018.12.29"]
[Round "6"]
[White "Bart, Simon"]
[Black "Schulz, Daniel"]
[Result "1/2-1/2"]
[WhiteElo "2072"]
[BlackElo "2069"]
[PlyCount "145"]
[EventDate "2018.12.27"]
[EventType "swiss"]
[EventRounds "7"]
[EventCountry "GER"]
[SourceTitle "CBM 188 Extra"]
[Source "ChessBase"]
[SourceDate "2019.02.26"]
[SourceVersion "1"]
[SourceVersionDate "2019.02.26"]
[SourceQuality "1"]

1. e4 e6 2. d4 d5 3. Bd3 dxe4 4. Bxe4 Nf6 5. Bf3 Nbd7 6. Ne2 Bd6 7. 0-0 0-0 8. c4 c6 9. Nbc3 Re8 10. Ng3 Qc7 11. Re1 h6 12. Be3 Nf8 13. Rc1 Ng6 14. d5 Bd7 15. dxc6 Bxc6 16. Nb5 Bxb5 17. cxb5 Qe7 18. Ne4 Nxe4 19. Bxe4 Red8 20. Qc2 Ne5 21. g3 Ng4 22. Bc5 Nf6 23. Bxd6 Rxd6 24. Bf3 Nd5 25. Qc5 b6 26. Qa3 Qd7 27. Rc2 Rd8 28. Rec1 Qxb5 29. Qxa7 R6d7 30. Qa3 Nb4 31. Rc8 Qa5 32. Qxa5 bxa5 33. a3 Nd3 34. Rxd8+ Rxd8 35. Rd1 Rd7 36. Bc6 Rc7 37. Be4 Rc1 38. Rxc1 Nxc1 39. b4 axb4 40. axb4 Ne2+ 41. Kf1 Nc3 42. Bc6 Kf8 43. Ke1 Ke7 44. Kd2 Na2 45. b5 Kd6 46. f4 Nb4 47. Bf3 Kc5 48. Bh5 g6 49. Be2 Nd5 50. h4 Nc7 51. h5 gxh5 52. Bxh5 f6 53. Ke3 Nxb5 54. Bg6 Nd6 55. g4 Kd5 56. Bb1 Nc4+ 57. Kd3 Nb2+ 58. Ke3 Nd1+ 59. Kf3 Kd4 60. Bc2 Ne3 61. Bg6 e5 62. fxe5 fxe5 63. Bh7 Nd5 64. Kg3 Ke3 65. Bf5 Nf6 66. Bg6 Nd5 67. Bh7 Nf6 68. Bf5 Ng8 69. Bh7 Nf6 70. Bg6 e4 71. Kh4 Kf4 72. Bxe4 Nxg4 73. Kh5 1/2-1/2

[Event "Bremen Silvester op"]
[Site "Bremen"]
[Date "2018.12.28"]
[Round "3"]
[White "Schulz, Daniel"]
[Black "Jung, Gerald"]
[Result "1/2-1/2"]
[WhiteElo "2069"]
[BlackElo "1892"]
[PlyCount "207"]
[EventDate "2018.12.27"]
[EventType "swiss"]
[EventRounds "7"]
[EventCountry "GER"]
[SourceTitle "CBM 188 Extra"]
[Source "ChessBase"]
[SourceDate "2019.02.26"]
[SourceVersion "1"]
[SourceVersionDate "2019.02.26"]
[SourceQuality "1"]

1. Nf3 Nf6 2. d4 g6 3. c4 Bg7 4. g3 0-0 5. Bg2 d6 6. 0-0 Nbd7 7. Nc3 e5 8. e4 Re8 9. h3 exd4 10. Nxd4 Nc5 11. Re1 a5 12. Rb1 Bd7 13. b3 c6 14. a3 Qc7 15. b4 axb4 16. axb4 Ne6 17. Be3 Nxd4 18. Bxd4 Be6 19. c5 dxc5 20. Bxc5 Rad8 21. Qc2 Nd7 22. Be3 Bc4 23. f4 Nf8 24. Rbd1 Rxd1 25. Rxd1 Rd8 26. e5 Rxd1+ 27. Nxd1 Be6 28. Bc5 Bf5 29. Qf2 Qd7 30. Qf1 Qd3 31. Qxd3 Bxd3 32. Nf2 Bc4 33. Ne4 Nd7 34. Bd6 f5 35. Nd2 Be6 36. Kf2 Bf8 37. Bxf8 Kxf8 38. Ke3 Ke7 39. Kd4 Nb6 40. Kc5 Na4+ 41. Kd4 Kd7 42. Nc4 b6 43. Ne3 c5+ 44. bxc5 bxc5+ 45. Kd3 Nb6 46. Bf3 h5 47. Bd1 Kc6 48. Ng2 Kb5 49. Nh4 Bc4+ 50. Kd2 Bf7 51. Nf3 Nc4+ 52. Kc3 Ne3 53. Be2+ Kc6 54. Ng5 Ba2 55. Kd3 Nd5 56. Bf3 Kd7 57. Bd1 Nb4+ 58. Kd2 Ke7 59. Be2 Bg8 60. Bb5 Ba2 61. Kc3 Bg8 62. Nf3 Nd5+ 63. Kd3 Nb4+ 64. Ke3 Nd5+ 65. Kd2 Nb4 66. Ng1 Be6 67. Nf3 Bd5 68. Ne1 Bf7 69. Be2 Be6 70. Ng2 Kd7 71. Ne3 Kc6 72. Nc4 Kd5 73. Ke3 Nc2+ 74. Kd2 Nd4 75. Bd3 Nf3+ 76. Ke3 Ne1 77. Be2 Nc2+ 78. Kd2 Nd4 79. Bd3 Nb3+ 80. Kc3 Nd4 81. Na5 Bc8 82. Nc4 Nb5+ 83. Kd2 Kd4 84. Nb6 Ba6 85. Nd7 c4 86. Bf1 c3+ 87. Kc1 Nc7 88. Bxa6 Nxa6 89. e6 Nc7 90. Nf8 Ke3 91. e7 Kf3 92. Nxg6 Kxg3 93. h4 Kg4 94. Kc2 Kf3 95. Kd3 Kg3 96. Ke2 Kg2 97. Kd3 Kf3 98. Kxc3 Nd5+ 99. Kd4 Nxe7 100. Nxe7 Kxf4 101. Ng6+ Kg3 102. Ke3 f4+ 103. Nxf4 Kxh4 104. Nxh5 1/2-1/2

[Event "Oberliga Nord W 1819"]
[Site "Germany"]
[Date "2018.10.21"]
[Round "1.4"]
[White "Schulz, Daniel"]
[Black "Stock, Joerg"]
[Result "0-1"]
[WhiteElo "2111"]
[BlackElo "2192"]
[PlyCount "110"]
[EventDate "2018.10.21"]
[EventType "team-tourn"]
[EventRounds "9"]
[EventCountry "GER"]
[SourceTitle "EXT 2020"]
[Source "ChessBase"]
[SourceDate "2019.10.17"]
[SourceVersion "1"]
[SourceVersionDate "2019.10.17"]
[SourceQuality "1"]
[WhiteTeam "Hannover"]
[BlackTeam "Hellern"]
[WhiteTeamCountry "GER"]
[BlackTeamCountry "GER"]

1. d4 Nf6 2. c4 e6 3. g3 d5 4. Nf3 Be7 5. Bg2 0-0 6. 0-0 dxc4 7. Qc2 a6 8. Qxc4 b5 9. Qc2 Bb7 10. Bd2 Be4 11. Qc1 c6 12. Nc3 Bxf3 13. Bxf3 Qxd4 14. a4 b4 15. Na2 a5 16. Be3 Qd6 17. Rd1 Nd5 18. Bd4 e5 19. Be3 Nd7 20. Qc4 N7f6 21. Rac1 Rac8 22. Bg5 Qe6 23. Bxf6 Bxf6 24. Bxd5 cxd5 25. Qxd5 Qb6 26. Qe4 g6 27. Kg2 Kg7 28. h4 h5 29. e3 Qa6 30. Rxc8 Rxc8 31. Nc1 Rc4 32. Qd5 Rc2 33. b3 Qc8 34. Nd3 Qc3 35. e4 Qc7 36. Qb5 Rc3 37. Qd5 Rc2 38. Qb5 Qa7 39. Qd5 Qb6 40. Rc1 Rd2 41. Qc5 Qa6 42. Nxe5 Qe6 43. Nf3 Qxe4 44. Re1 Qa8 45. Qe3 Rc2 46. Rd1 Rc3 47. Rd3 Qa6 48. Ne1 Qc6+ 49. Qf3 Qe6 50. Re3 Qxb3 51. g4 hxg4 52. Qxg4 Rxe3 53. fxe3 Qxe3 54. Nf3 b3 55. h5 b2 0-1

[Event "Dortmund Sparkassen op-A 46th"]
[Site "Dortmund"]
[Date "2018.07.22"]
[Round "9"]
[White "Schulz, Daniel"]
[Black "Hausrath, Daniel"]
[Result "0-1"]
[WhiteElo "2078"]
[BlackElo "2495"]
[PlyCount "114"]
[EventDate "2018.07.14"]
[EventType "swiss"]
[EventRounds "9"]
[EventCountry "GER"]
[SourceTitle "CBM 185 Extra"]
[Source "ChessBase"]
[SourceDate "2018.07.29"]
[SourceVersion "1"]
[SourceVersionDate "2018.07.29"]
[SourceQuality "1"]

1. Nf3 c5 2. c4 g6 3. g3 Bg7 4. Bg2 Nc6 5. Nc3 d6 6. 0-0 Bf5 7. d3 Qd7 8. Bd2 Bh3 9. Rb1 h5 10. Bxh3 Qxh3 11. Ng5 Qd7 12. h4 Nh6 13. a3 Nf5 14. b4 0-0 15. b5 Ne5 16. Nd5 e6 17. Ne3 Nh6 18. Qb3 Rad8 19. Rfc1 b6 20. a4 d5 21. a5 f6 22. Nh3 d4 23. Ng2 Neg4 24. axb6 axb6 25. Nhf4 Qf7 26. Ra1 Nf5 27. Nh3 e5 28. Ra6 Qe6 29. Rca1 Bh6 30. Qb2 Rd7 31. Ra7 Rff7 32. Rxd7 Rxd7 33. Ra6 Kh7 34. Qa2 Bxd2 35. Qxd2 Ngh6 36. Kh2 Ng4+ 37. Kg1 Rg7 38. Qa5 Rb7 39. Qa1 Ngh6 40. Kh2 Ng4+ 41. Kg1 Ng7 42. Ra7 Qd7 43. Rxb7 Qxb7 44. f3 Nh6 45. f4 e4 46. Qa6 Qe7 47. Qxb6 exd3 48. exd3 Qe2 49. Nf2 Nhf5 50. Qxc5 Nxg3 51. Ne4 Qd1+ 52. Kh2 Nf1+ 53. Kg1 Ne3+ 54. Kh2 Ng4+ 55. Kh3 Qxd3+ 56. Ng3 Nf5 57. Qc7+ Kh6 0-1

[Event "Dortmund Sparkassen op-A 46th"]
[Site "Dortmund"]
[Date "2018.07.21"]
[Round "8"]
[White "Biermann, Lenhard"]
[Black "Schulz, Daniel"]
[Result "1/2-1/2"]
[WhiteElo "2051"]
[BlackElo "2078"]
[PlyCount "42"]
[EventDate "2018.07.14"]
[EventType "swiss"]
[EventRounds "9"]
[EventCountry "GER"]
[SourceTitle "CBM 185 Extra"]
[Source "ChessBase"]
[SourceDate "2018.07.29"]
[SourceVersion "1"]
[SourceVersionDate "2018.07.29"]
[SourceQuality "1"]

1. d4 Nf6 2. Nf3 g6 3. g3 Bg7 4. Bg2 0-0 5. 0-0 d5 6. c4 c6 7. cxd5 cxd5 8. Ne5 Nc6 9. Nc3 Ne4 10. Nxc6 bxc6 11. Nxe4 dxe4 12. Bxe4 Qxd4 13. Qxd4 Bxd4 14. Bxc6 Rb8 15. e3 Bxb2 16. Rb1 Rb6 17. Bg2 Bf6 18. Rxb6 axb6 19. Bd2 Be6 20. a3 Rc8 21. Rc1 Rxc1+ 1/2-1/2

[Event "Dortmund Sparkassen op-A 46th"]
[Site "Dortmund"]
[Date "2018.07.14"]
[Round "1"]
[White "Nalbandian, Tigran"]
[Black "Schulz, Daniel"]
[Result "1-0"]
[WhiteElo "2452"]
[BlackElo "2078"]
[PlyCount "43"]
[EventDate "2018.07.14"]
[EventType "swiss"]
[EventRounds "9"]
[EventCountry "GER"]
[SourceTitle "CBM 185 Extra"]
[Source "ChessBase"]
[SourceDate "2018.07.29"]
[SourceVersion "1"]
[SourceVersionDate "2018.07.29"]
[SourceQuality "1"]

1. Nf3 Nf6 2. g3 b6 3. Bg2 Bb7 4. d3 e6 5. e4 d5 6. e5 Nfd7 7. Bg5 Qc8 8. h4 c5 9. 0-0 Nc6 10. Re1 Qc7 11. Nc3 a6 12. Nxd5 exd5 13. e6 Nf6 14. Bxf6 gxf6 15. exf7+ Kxf7 16. Ng5+ Kg6 17. Ne6 Qd6 18. Nf4+ Qxf4 19. gxf4 Ne7 20. Qg4+ Kf7 21. Qe6+ Kg7 22. Qxe7+ 1-0

[Event "Mecklenburg VP LL2 Ost 1718"]
[Site "Mecklenburg VP"]
[Date "2018.04.08"]
[Round "8.1"]
[White "Alder, Bodo"]
[Black "Schulz, Daniel"]
[Result "0-1"]
[WhiteElo "1845"]
[BlackElo "1764"]
[PlyCount "65"]
[EventDate "2017.10.08"]
[EventType "team-tourn"]
[EventRounds "9"]
[EventCountry "GER"]
[SourceTitle "EXT 2022"]
[Source "ChessBase"]
[SourceDate "2021.10.06"]
[SourceVersion "1"]
[SourceVersionDate "2021.10.06"]
[SourceQuality "1"]
[WhiteTeam "Binz Therme Ruegen"]
[BlackTeam "Neubrandenburg SG Eintracht II"]
[WhiteTeamCountry "GER"]
[BlackTeamCountry "GER"]

1. e4 d5 2. Nc3 d4 3. Nce2 e5 4. d3 Nc6 5. Nf3 h6 6. a3 Bd6 7. h3 Nge7 8. c4 a5 9. b3 0-0 10. g4 Ng6 11. Ng3 Rb8 12. Qc2 Qe8 13. Nf5 Nd8 14. Nxd6 cxd6 15. b4 axb4 16. axb4 Ne6 17. b5 Qe7 18. Bg2 Nef4 19. 0-0 Qf6 20. Bxf4 Nxf4 21. Qd1 g5 22. Nh2 Kg7 23. Qf3 Rh8 24. Rfc1 h5 25. Ra3 hxg4 26. Nxg4 Bxg4 27. Qxg4 Rh4 28. Qd1 Rbh8 29. Qf1 Nxh3+ 30. Bxh3 Rxh3 31. Qg2 Rh2 32. Qxh2 Rxh2 33. Kxh2 0-1

[Event "Bremen-ch op"]
[Site "Bremen"]
[Date "2018.03.30"]
[Round "8"]
[White "Schulz, Daniel"]
[Black "Hundack, Rolf"]
[Result "1-0"]
[WhiteElo "2052"]
[BlackElo "2085"]
[PlyCount "105"]
[EventDate "2018.03.24"]
[EventType "swiss"]
[EventRounds "9"]
[EventCountry "GER"]
[SourceTitle "EXT 2019"]
[Source "ChessBase"]
[SourceDate "2018.10.10"]
[SourceVersion "1"]
[SourceVersionDate "2018.10.10"]
[SourceQuality "1"]

1. d4 Nf6 2. c4 e5 3. dxe5 Ng4 4. Bf4 Nc6 5. Nf3 Bb4+ 6. Nc3 Qe7 7. Qd5 f6 8. exf6 Bxc3+ 9. bxc3 Nxf6 10. Qd3 d6 11. g3 0-0 12. Bg2 Bg4 13. 0-0 Rae8 14. Rae1 Kh8 15. c5 dxc5 16. Qb5 Nd8 17. Ne5 a6 18. Qb2 Be6 19. Nd3 Nd5 20. Bd2 Nb6 21. Nf4 Nc4 22. Qc1 Bd7 23. Nd5 Qf7 24. Nxc7 Nxd2 25. Qxd2 Re5 26. f4 Rh5 27. Bf3 Rh6 28. Nd5 Bb5 29. Rf2 Re8 30. e4 Nc6 31. Ne3 Na5 32. e5 Bc6 33. Bxc6 Nxc6 34. Qd5 Qf8 35. Qg2 Qf7 36. Rfe2 Rhe6 37. Nc4 Rd8 38. Nd6 Qe7 39. Ne4 h6 40. Qf2 b6 41. Rd2 Rf8 42. Qg2 Rg6 43. Rd6 Rxd6 44. Nxd6 Na5 45. Qd5 Kh7 46. e6 Rf6 47. Nf5 Qe8 48. Qe4 Kg8 49. Nd6 Qe7 50. Nc8 Qe8 51. Nxb6 Nc6 52. Nd5 Rf8 53. Nc7 1-0

[Event "Bremen-ch op"]
[Site "Bremen"]
[Date "2018.03.24"]
[Round "1"]
[White "Zimmermann, Erik"]
[Black "Schulz, Daniel"]
[Result "0-1"]
[WhiteElo "1690"]
[BlackElo "2052"]
[PlyCount "36"]
[EventDate "2018.03.24"]
[EventType "swiss"]
[EventRounds "9"]
[EventCountry "GER"]
[SourceTitle "EXT 2019"]
[Source "ChessBase"]
[SourceDate "2018.10.10"]
[SourceVersion "1"]
[SourceVersionDate "2018.10.10"]
[SourceQuality "1"]

1. e4 e6 2. d4 d5 3. exd5 exd5 4. Nf3 Bg4 5. Be2 Nc6 6. h3 Bf5 7. a3 Bd6 8. Nc3 Nge7 9. Be3 Qd7 10. Nb5 f6 11. Nh4 Be6 12. Bg4 0-0-0 13. Bxe6 Qxe6 14. Qg4 f5 15. Qxg7 f4 16. Nxd6+ cxd6 17. Kd2 fxe3+ 18. fxe3 Rdg8 0-1